"Εμείς" και οι "άλλοι" : αναφορά στις τάσεις και τα σύμβολα
Αποθηκεύτηκε σε:
| Συγγραφή απο Οργανισμό/Αρχή: | |
|---|---|
| Άλλοι συγγραφείς: | |
| Μορφή: | Βιβλίο |
| Γλώσσα: | Greek |
| Δημοσίευση: |
Αθήνα :
Τυπωθήτω,
2000, 1999
|
| Θέματα: | |
| Ετικέτες: |
Προσθήκη ετικέτας
Δεν υπάρχουν, Καταχωρήστε ετικέτα πρώτοι!
|
MARC
| LEADER | 00000cam a2200000 i 4500 | ||
|---|---|---|---|
| 001 | 1/9747 | ||
| 008 | 000824r20001999 gre d | ||
| 020 | |a 960-8041-02-3 | ||
| 035 | |l 10063181 | ||
| 040 | |a GR-MY-UA |b gre |e aacr | ||
| 041 | 0 | |a gre | |
| 082 | 0 | |a 305.8 | |
| 110 | 2 | |a Εθνικό Κέντρο Κοινωνικών Ερευνών. | |
| 245 | 1 | 0 | |a "Εμείς" και οι "άλλοι" : |b αναφορά στις τάσεις και τα σύμβολα / |c επιμέλεια Χρ. Κωνσταντοπούλου...[κ.α.] ; Εθνικό Κέντρο Κοινωνικών Ερευνών |
| 260 | |a Αθήνα : |b Τυπωθήτω, |c 2000, 1999 | ||
| 300 | |a 419 σ. | ||
| 500 | |a Με την οικονομική υποστήριξη της Ελληνικής Εθνικής Επιτροπής για την UNESCO | ||
| 500 | |a Η ανατύπωση του 2000 έχει 2 επιπλέον σελίδες 421-422 | ||
| 504 | |a Περιέχει βιβλιογραφία | ||
| 650 | 0 | 0 | |a Ethnicity. |
| 650 | 0 | 0 | |a Ethnic groups. |
| 650 | 0 | 0 | |a Ethnic relations. |
| 700 | 1 | |4 edt |a Κωνσταντοπούλου, Χρυσούλα Κ., |d 1954- | |
| 852 | |a INST |b LESVOS |e 20000824 |h 305.8 ΕΘΝ |p 005100020105 |q 005100020105 |t BK |y 0 | ||
| 852 | |a INST |b LESVOS |e 20001101 |h 305.8 ΕΘΝ |p 005100024455 |q 005100024455 |t BK |y 0 | ||
| 852 | |a INST |b LESVOS |e 20010118 |h 305.8 ΕΘΝ |p 005100029279 |q 005100029279 |t BK |y 0 | ||
| 852 | |a INST |b LESVOS |e 20090505 |h 305.8 ΕΘΝ |p 005100044824 |q 005100044824 |t BK |y 0 | ||
| 901 | |a BIBL1-2000-2 | ||
| 901 | |a BIBL1-2009-2 | ||
| 909 | |a Λ |b 077652 | ||
| 909 | |a Λ |b 077669 | ||
| 909 | |a Λ |b 082212 | ||
| 909 | |a Λ |b 141310 | ||
| 920 | |a ΕΘΝΙΚΟ ΚΕΝΤΡΟ ΚΟΙΝΩΝΙΚΩΝ ΕΡΕΥΝΩΝ (ΕΚΚΕ) |y ΛΕΣΒΟΣ |z 2000-03 | ||
| 950 | |a 118-2000-07-27 | ||
| 970 | |z 2000/08/ΧΡΥΣΑΝΘΗ | ||